LIBRARY ONLINE CATALOGUE

Defenses in Contemporary International Criminal Law (Record no. 19338)

MARC details
000 -LEADER
fixed length control field 00519nam a22001697a 4500
008 - FIXED-LENGTH DATA ELEMENTS--GENERAL INFORMATION
fixed length control field 220608b |||||||| |||| 00| 0 eng d
020 ## - INTERNATIONAL STANDARD BOOK NUMBER
International Standard Book Number 1571051585
050 ## - LIBRARY OF CONGRESS CALL NUMBER
Classification number K5455
Item number .K56 2008
100 ## - MAIN ENTRY--PERSONAL NAME
Personal name Knoops, Greert-Jan Alexander
245 ## - TITLE STATEMENT
Title Defenses in Contemporary International Criminal Law
Statement of responsibility, etc. Greert-Jan Alexander Knoops
250 ## - EDITION STATEMENT
Edition statement 2nd ed.
260 ## - PUBLICATION, DISTRIBUTION, ETC. (IMPRINT)
Place of publication, distribution, etc. USA
Name of publisher, distributor, etc. Nijhoff Publishers
Date of publication, distribution, etc. 2008
300 ## - PHYSICAL DESCRIPTION
Extent xxxvii, 334p.
650 ## - SUBJECT ADDED ENTRY--TOPICAL TERM
Topical term or geographic name as entry element Defenses
Form subdivision criminal procedure
650 ## - SUBJECT ADDED ENTRY--TOPICAL TERM
Topical term or geographic name as entry element International offenses
942 ## - ADDED ENTRY ELEMENTS (KOHA)
Source of classification or shelving scheme Library of Congress Classification
Koha item type General Collection
Holdings
Withdrawn status Lost status Source of classification or shelving scheme Not for loan Home library Current library Date acquired Cost, normal purchase price Total Checkouts Full call number Barcode Date last seen Date last checked out Price effective from Koha item type
    Library of Congress Classification   Kabarak, Main Campus Kabarak, Main Campus 08/06/2022 15399.00 1 K5455 .K56 2008 c.1 030797 23/09/2022 09/09/2022 08/06/2022 General Collection